000 00303pam a2200121 a 4500
020 _a0-7494-2023-5
_c
041 _h
082 _a658.562
_bJAC/ASH
100 _aJACKSON P.,ASHTON D.,
245 _aACHIEVING BS EN ISO 9000
_hTextual Documents
260 _aLONDON
_bKOGAN PAGE LTD
_c1996
930 _a8042
999 _c127498
_d127498